<The> lost decades - stagnation of the Japanese economy diplomová práca

Enregistré dans:
Détails bibliographiques
Auteur principal: Gerhardtová, Bernadett
Collectivité auteur: Ekonomická univerzita v Bratislave. Ústav medzinárodných programov
Autres auteurs: Dudáš, Tomáš, 1976-
Format: Livre
Langue:anglais
Publié: Bratislava 2012
Tags: Ajouter un tag
Pas de tags, Soyez le premier à ajouter un tag!

MARC

LEADER 00000nam$a2200000$$$4500
001 0157621
005 20240318114501.5
041 0 |a eng 
044 |a SK 
245 1 0 |a <The> lost decades - stagnation of the Japanese economy  |b diplomová práca  |c Bernadett Gerhardtová ; školiteľ: Tomáš Dudáš 
264 1 |a Bratislava  |c 2012 
300 |a 89 s. 
100 1 |a Gerhardtová, Bernadett 
700 1 |a Dudáš, Tomáš, 1976- 
710 2 |a Ekonomická univerzita v Bratislave. Ústav medzinárodných programov